00650cam a22002171 4500001001300000003000400013005001700017008004100034010001700075035001800092040001800110042001200128050002100140100002800161245011700189250001300306260003700319300002600356650003300382999001700415sa 68017441 DLC20260227112702.0730328s1964 xx 000 0 ind  asa 68017441  a(OCoLC)592389 aDLCcOAUdDLC apremarc00aPL5075b.M3 19641 aMadjolelo, Junus Sutan.10aPak Madong,bbatjaan anak² umur 10-12 tahun, disadjikancoleh J. St. Madjolelo. Dihiasi 5 gambar oleh A. Djan. aTjet. 2. aDjakarta,bBalai Pustaka,c1964. a35 p.billus.c18 cm. 0aIndonesian languagexReaders c87715d87715